[Event "XXI Paul Keres Memorial Preliminary"]
[Site "Tallinn EST"]
[Date "2012.01.07"]
[Round "7"]
[White "Agopov, Mikael"]
[Black "Seeman, Tarvo"]
[Result "0-1"]
[WhiteElo "2448"]
[BlackElo "2399"]
[PlyCount "22"]
[EventDate "2012.01.06"]

1. e4 g6 2. d4 Bg7 3. Nc3 c6 4. Be3 Qb6 5. Bc4 Qxb2 6. Nge2 Qb4 7. Bb3 d5 8.
exd5 Nf6 9. O-O O-O 10. Rb1 Qa5 11. Nf4 Qxc3 0-1

[Event "XXI Paul Keres Memorial Preliminary"]
[Site "Tallinn EST"]
[Date "2012.01.07"]
[Round "7"]
[White "Holvason, Juri"]
[Black "Rauk, Tonu"]
[Result "0-1"]
[WhiteElo "2122"]
[BlackElo "2205"]
[PlyCount "94"]
[EventDate "2012.01.06"]

1. e4 c5 2. Nf3 e6 3. d4 cxd4 4. Nxd4 a6 5. Bd3 Nf6 6. O-O d6 7. Qe2 Bd7 8. c4
Nc6 9. Nxc6 Bxc6 10. Nc3 Be7 11. Be3 O-O 12. Rad1 Qa5 13. h3 b5 14. cxb5 axb5
15. Nxb5 Qxa2 16. Nc3 Qb3 17. g4 Rab8 18. Rb1 Qb4 19. Bd2 Qb7 20. b4 Be8 21. b5
Nd7 22. Rfc1 Nc5 23. Bc4 Bf6 24. f3 Bd7 25. Be3 Rfc8 26. Bf4 Qb6 27. Kg2 Rb7
28. Be3 Qc7 29. g5 Bxc3 30. Rxc3 Na4 31. Rcc1 Nc5 32. h4 Rcb8 33. h5 Qa5 34.
Bd2 Qd8 35. Rd1 d5 36. exd5 exd5 37. Bxd5 Bh3+ 38. Kxh3 Qxd5 39. Bf4 Qf5+ 40.
Kg3 Ne6 41. Bxb8 Qxg5+ 42. Kf2 Rxb8 43. Rg1 Qh4+ 44. Kf1 Nf4 45. Qe5 Qh3+ 46.
Kf2 Nd3+ 47. Ke2 Nxe5 0-1